Software encyclopedia : System compatibility/applications (Record no. 20488)

MARC details
000 -LEADER
fixed length control field 00300nam a2200109Ia 4500
082 ## - DEWEY DECIMAL CLASSIFICATION NUMBER
Classification number RR 001.6425 SOF
245 #0 - TITLE STATEMENT
Title Software encyclopedia : System compatibility/applications
260 ## - PUBLICATION, DISTRIBUTION, ETC. (IMPRINT)
Place of publication New York
Name of publisher R.R. Bowker
Year of publication 1990
300 ## - PHYSICAL DESCRIPTION
Number of Pages 2522p.
942 ## - ADDED ENTRY ELEMENTS (KOHA)
Koha item type Books
Holdings
Withdrawn status Lost status Damaged status Not for loan Home library Current library Date acquired Bill Date Full call number Accession Number Price effective from Koha item type
        NASSDOC Library NASSDOC Library 08/10/2004 2008-12-30 RR 001.6425 SOF 32100 18/04/2019 Books